[Event "Irena Warakomska Memorial 2019"]
[Site "Suwalki"]
[Date "2019.08.12"]
[Round "9"]
[White "Kulon, Klaudia"]
[Black "Barski, Radoslaw"]
[Result "1-0"]
[Board "15"]
[WhiteElo "2333"]
[WhiteTitle "IM"]
[WhiteCountry "POL"]
[WhiteFideId "1131044"]
[WhiteEloChange "13"]
[BlackElo "2438"]
[BlackTitle "IM"]
[BlackCountry "POL"]
[BlackFideId "1131710"]
[BlackEloChange "-6"]

1. d4 {[%clk 1:29:21]} d5 {[%clk 1:30:48]} 2. Bf4 {[%clk 1:29:48]} Nf6 {[%clk
1:31:00]} 3. e3 {[%clk 1:30:11]} c5 {[%clk 1:31:03]} 4. c3 {[%clk 1:30:10]} Nc6
{[%clk 1:31:26]} 5. Nd2 {[%clk 1:30:34]} e6 {[%clk 1:31:42]} 6. Bd3 {[%clk
1:30:49]} Be7 {[%clk 1:31:46]} 7. Bg3 {[%clk 1:29:36]} O-O {[%clk 1:29:58]} 8. f4
{[%clk 1:29:27]} g6 {[%clk 0:54:38]} 9. Ngf3 {[%clk 1:16:20]} Nh5 {[%clk
0:54:44]} 10. Bf2 {[%clk 1:15:33]} f6 {[%clk 0:52:27]} 11. O-O {[%clk 0:55:12]}
b6 {[%clk 0:50:44]} 12. a3 {[%clk 0:53:38]} a5 {[%clk 0:46:10]} 13. Qe2 {[%clk
0:50:46]} Bd6 {[%clk 0:41:11]} 14. Rfd1 {[%clk 0:48:29]} Bd7 {[%clk 0:28:29]} 15.
Bb5 {[%clk 0:44:44]} cxd4 {[%clk 0:20:18]} 16. cxd4 {[%clk 0:44:51]} a4 {[%clk
0:20:47]} 17. Rac1 {[%clk 0:40:17]} Na5 {[%clk 0:20:40]} 18. Rc3 {[%clk 0:39:49]}
Qe8 {[%clk 0:20:17]} 19. Bxd7 {[%clk 0:39:30]} Qxd7 {[%clk 0:20:45]} 20. Rdc1
{[%clk 0:38:27]} b5 {[%clk 0:20:53]} 21. g3 {[%clk 0:33:01]} Nc4 {[%clk 0:17:41]}
22. Nxc4 {[%clk 0:31:20]} bxc4 {[%clk 0:18:09]} 23. e4 {[%clk 0:31:44]} Ng7
{[%clk 0:17:21]} 24. e5 {[%clk 0:31:07]} fxe5 {[%clk 0:15:23]} 25. Nxe5 {[%clk
0:31:10]} Bxe5 {[%clk 0:15:02]} 26. fxe5 {[%clk 0:29:22]} Rab8 {[%clk 0:14:13]}
27. g4 {[%clk 0:26:42]} Rf4 {[%clk 0:13:23]} 28. Be3 {[%clk 0:25:53]} Re4 {[%clk
0:13:43]} 29. Rf1 {[%clk 0:25:20]} Qe7 {[%clk 0:09:17]} 30. h3 {[%clk 0:23:31]}
Rf8 {[%clk 0:03:53]} 31. Rcc1 {[%clk 0:22:22]} Rxf1+ {[%clk 0:02:33]} 32. Rxf1
{[%clk 0:22:50]} Qh4 {[%clk 0:02:48]} 33. Qf3 {[%clk 0:16:59]} h6 {[%clk
0:03:16]} 34. Kg2 {[%clk 0:17:10]} Kh7 {[%clk 0:03:39]} 35. Qf6 {[%clk 0:15:17]}
g5 {[%clk 0:00:56]} 36. Bf2 {[%clk 0:15:09]} Re2 {[%clk 0:01:13]} 37. Qf3 {[%clk
0:15:33]} Rxb2 {[%clk 0:01:25]} 38. Kg1 {[%clk 0:15:31]} Rxf2 {[%clk 0:01:46]}
39. Rxf2 {[%clk 0:15:56]} h5 {[%clk 0:02:15]} 40. Kg2 {[%clk 0:42:03]} 1-0

[Event "Irena Warakomska Memorial 2019"]
[Site "Suwalki"]
[Date "2019.08.12"]
[Round "9"]
[White "Reza, Wojciech"]
[Black "Cukrowski, Filip"]
[Result "1-0"]
[Board "16"]
[WhiteElo "2261"]
[WhiteTitle "FM"]
[WhiteCountry "POL"]
[WhiteFideId "1151967"]
[WhiteEloChange "14"]
[BlackElo "2424"]
[BlackTitle "FM"]
[BlackCountry "POL"]
[BlackFideId "1171097"]
[BlackEloChange "-7"]

1. e4 {[%clk 1:30:58]} c5 {[%clk 1:15:33]} 2. Nf3 {[%clk 1:31:21]} e6 {[%clk
1:15:53]} 3. c3 {[%clk 1:24:53]} d5 {[%clk 1:11:26]} 4. exd5 {[%clk 1:23:57]}
exd5 {[%clk 1:11:49]} 5. Bb5+ {[%clk 1:18:56]} Bd7 {[%clk 1:10:58]} 6. Bxd7+
{[%clk 1:16:39]} Nxd7 {[%clk 1:10:53]} 7. d4 {[%clk 1:16:00]} Ngf6 {[%clk
1:09:33]} 8. O-O {[%clk 1:15:18]} Be7 {[%clk 1:09:59]} 9. dxc5 {[%clk 1:14:10]}
Nxc5 {[%clk 1:09:58]} 10. Be3 {[%clk 1:06:44]} O-O {[%clk 1:09:31]} 11. Nbd2
{[%clk 0:49:39]} Ng4 {[%clk 1:05:34]} 12. Bd4 {[%clk 0:35:40]} Ne6 {[%clk
1:04:36]} 13. Nb3 {[%clk 0:35:07]} a5 {[%clk 0:59:49]} 14. a4 {[%clk 0:34:42]}
Ra6 {[%clk 1:00:14]} 15. Qd3 {[%clk 0:30:49]} Qc7 {[%clk 0:41:24]} 16. Qf5 {[%clk
0:24:14]} h5 {[%clk 0:29:34]} 17. g3 {[%clk 0:18:16]} Qd7 {[%clk 0:19:45]} 18.
Rfe1 {[%clk 0:15:20]} g6 {[%clk 0:18:44]} 19. Ne5 {[%clk 0:13:08]} Qc7 {[%clk
0:15:11]} 20. Nxg6 {[%clk 0:12:25]} Nxd4 {[%clk 0:09:01]} 21. Nxe7+ {[%clk
0:12:43]} Qxe7 {[%clk 0:09:27]} 22. Nxd4 {[%clk 0:12:20]} Qf6 {[%clk 0:07:43]}
23. Rad1 {[%clk 0:12:36]} Rd8 {[%clk 0:05:02]} 24. Re2 {[%clk 0:12:26]} Qh6
{[%clk 0:03:39]} 25. Qd3 {[%clk 0:08:26]} Qg5 {[%clk 0:03:20]} 26. Nf5 {[%clk
0:05:32]} Rf6 {[%clk 0:02:41]} 27. Ne7+ {[%clk 0:05:52]} Kf8 {[%clk 0:02:52]} 28.
h4 {[%clk 0:05:27]} Qg7 {[%clk 0:03:02]} 29. Nxd5 {[%clk 0:05:07]} Rfd6 {[%clk
0:02:11]} 30. Qf5 {[%clk 0:03:59]} Qg6 {[%clk 0:01:10]} 31. Qxg6 {[%clk 0:01:25]}
fxg6 {[%clk 0:01:36]} 32. c4 {[%clk 0:01:43]} Nf6 {[%clk 0:02:05]} 33. Rd3 {[%clk
0:00:47]} Nxd5 {[%clk 0:00:38]} 34. Red2 {[%clk 0:01:03]} Rb6 {[%clk 0:00:47]}
35. cxd5 {[%clk 0:00:40]} Rdd6 {[%clk 0:01:03]} 36. Kg2 {[%clk 0:00:54]} Rb4
{[%clk 0:01:20]} 37. b3 {[%clk 0:00:43]} Ke7 {[%clk 0:01:25]} 38. Rc2 {[%clk
0:00:44]} b5 {[%clk 0:01:42]} 39. Ra2 {[%clk 0:00:32]} Kd7 {[%clk 0:01:52]} 40.
Kf3 {[%clk 0:30:33]} Rb6 {[%clk 0:31:56]} 41. Ke3 {[%clk 0:23:34]} Kd6 {[%clk
0:31:13]} 42. Ra1 {[%clk 0:18:51]} Rb8 {[%clk 0:16:41]} 43. axb5 {[%clk 0:11:39]}
R8xb5 {[%clk 0:15:43]} 44. Kd2 {[%clk 0:11:37]} Rc5 {[%clk 0:14:10]} 45. Ke3
{[%clk 0:07:16]} Rcb5 {[%clk 0:14:21]} 46. Ra3 {[%clk 0:06:32]} Kd7 {[%clk
0:13:06]} 47. Kd2 {[%clk 0:02:14]} Kd6 {[%clk 0:13:19]} 48. Ra1 {[%clk 0:02:05]}
Rc5 {[%clk 0:13:25]} 49. Re1 {[%clk 0:01:01]} Rxd5 {[%clk 0:13:02]} 50. Rxd5+
{[%clk 0:01:24]} Kxd5 {[%clk 0:13:28]} 51. Kc3 {[%clk 0:01:39]} Rb6 {[%clk
0:12:59]} 52. Ra1 {[%clk 0:01:38]} Rb5 {[%clk 0:13:11]} 53. Ra4 {[%clk 0:01:48]}
Rc5+ {[%clk 0:11:45]} 54. Kb2 {[%clk 0:01:42]} Ke5 {[%clk 0:05:46]} 55. Rf4
{[%clk 0:01:54]} Rd5 {[%clk 0:05:41]} 56. Ka3 {[%clk 0:01:15]} Rd1 {[%clk
0:03:26]} 57. Rf8 {[%clk 0:00:54]} Ra1+ {[%clk 0:02:48]} 58. Kb2 {[%clk 0:01:19]}
Rf1 {[%clk 0:03:01]} 59. Kc3 {[%clk 0:01:27]} Rc1+ {[%clk 0:03:17]} 60. Kd3
{[%clk 0:01:34]} Rc5 {[%clk 0:02:12]} 61. Re8+ {[%clk 0:01:22]} Kf5 {[%clk
0:02:07]} 62. Rf8+ {[%clk 0:01:22]} Ke5 {[%clk 0:02:33]} 63. Ra8 {[%clk 0:01:00]}
Rb5 {[%clk 0:02:07]} 64. Kc4 {[%clk 0:00:57]} Rb4+ {[%clk 0:02:34]} 65. Kc3
{[%clk 0:01:23]} Rb5 {[%clk 0:02:59]} 66. Ra6 {[%clk 0:01:28]} Rc5+ {[%clk
0:01:42]} 67. Kd3 {[%clk 0:01:26]} Kf5 {[%clk 0:00:56]} 68. Rb6 {[%clk 0:01:43]}
g5 {[%clk 0:00:41]} 69. Rh6 {[%clk 0:01:35]} Rd5+ {[%clk 0:00:33]} 70. Kc4 {[%clk
0:01:44]} Rd2 {[%clk 0:00:40]} 71. Rxh5 {[%clk 0:02:00]} Ke4 {[%clk 0:00:34]} 72.
Rxg5 {[%clk 0:01:43]} 1-0

[Event "Irena Warakomska Memorial 2019"]
[Site "Suwalki"]
[Date "2019.08.12"]
[Round "9"]
[White "Tihonov, Jurij"]
[Black "Licznerski, Lukasz"]
[Result "1-0"]
[Board "17"]
[WhiteElo "2393"]
[WhiteTitle "GM"]
[WhiteCountry "BLR"]
[WhiteFideId "13500325"]
[WhiteEloChange "9"]
[BlackElo "2341"]
[BlackTitle "FM"]
[BlackCountry "POL"]
[BlackFideId "1179250"]
[BlackEloChange "-9"]

1. Nf3 {[%clk 1:30:56]} Nf6 {[%clk 1:28:06]} 2. c4 {[%clk 1:31:17]} g6 {[%clk
1:24:43]} 3. Nc3 {[%clk 1:31:41]} Bg7 {[%clk 1:22:52]} 4. e4 {[%clk 1:32:05]} c5
{[%clk 1:23:08]} 5. d4 {[%clk 1:32:21]} cxd4 {[%clk 1:23:26]} 6. Nxd4 {[%clk
1:32:46]} Nc6 {[%clk 1:23:49]} 7. Be3 {[%clk 1:32:55]} Ng4 {[%clk 1:23:41]} 8.
Qxg4 {[%clk 1:33:17]} Nxd4 {[%clk 1:24:05]} 9. Qd1 {[%clk 1:33:40]} e5 {[%clk
1:22:49]} 10. Nb5 {[%clk 1:20:13]} O-O {[%clk 1:22:40]} 11. Qd2 {[%clk 1:16:21]}
Qh4 {[%clk 1:17:03]} 12. Bd3 {[%clk 1:08:39]} d5 {[%clk 1:17:24]} 13. cxd5 {[%clk
1:04:52]} Nxb5 {[%clk 1:15:14]} 14. Bxb5 {[%clk 0:59:00]} Qxe4 {[%clk 1:10:59]}
15. O-O {[%clk 0:56:48]} Rd8 {[%clk 1:01:28]} 16. Rfd1 {[%clk 0:53:28]} Qf5
{[%clk 0:58:19]} 17. Rac1 {[%clk 0:45:27]} Bd7 {[%clk 0:56:46]} 18. Be2 {[%clk
0:40:09]} e4 {[%clk 0:40:36]} 19. Rc7 {[%clk 0:37:10]} b6 {[%clk 0:28:46]} 20.
Bg5 {[%clk 0:28:01]} Bf6 {[%clk 0:23:13]} 21. Bxf6 {[%clk 0:27:28]} Qxf6 {[%clk
0:23:41]} 22. d6 {[%clk 0:26:26]} Be6 {[%clk 0:23:26]} 23. b3 {[%clk 0:24:40]} a5
{[%clk 0:09:32]} 24. Bc4 {[%clk 0:12:43]} Rd7 {[%clk 0:05:17]} 25. Bb5 {[%clk
0:09:45]} Rdd8 {[%clk 0:05:36]} 26. Bc6 {[%clk 0:08:46]} Rac8 {[%clk 0:03:52]}
27. Rxc8 {[%clk 0:09:04]} Rxc8 {[%clk 0:02:44]} 28. Bxe4 {[%clk 0:09:00]} Kg7
{[%clk 0:01:41]} 29. Bb7 {[%clk 0:07:33]} Rd8 {[%clk 0:00:50]} 30. h3 {[%clk
0:06:52]} Qe5 {[%clk 0:00:58]} 31. Bf3 {[%clk 0:05:09]} g5 {[%clk 0:00:34]} 32.
Qc1 {[%clk 0:03:56]} Rc8 {[%clk 0:00:31]} 33. Qd2 {[%clk 0:03:02]} Rd8 {[%clk
0:01:03]} 34. Bg4 {[%clk 0:02:34]} Bxg4 {[%clk 0:01:02]} 35. hxg4 {[%clk
0:02:59]} Rd7 {[%clk 0:00:34]} 36. a4 {[%clk 0:01:58]} h6 {[%clk 0:00:42]} 37.
Qd3 {[%clk 0:02:02]} Kg8 {[%clk 0:00:32]} 38. g3 {[%clk 0:01:53]} Qe6 {[%clk
0:00:41]} 39. f3 {[%clk 0:01:05]} Qe5 {[%clk 0:00:39]} 40. Kg2 {[%clk 0:31:15]}
Kg7 {[%clk 0:30:35]} 41. Rd2 {[%clk 0:30:10]} Qc5 {[%clk 0:17:41]} 42. f4 {[%clk
0:29:44]} Qc6+ {[%clk 0:17:06]} 43. Kf2 {[%clk 0:27:29]} Qc5+ {[%clk 0:15:42]}
44. Qd4+ {[%clk 0:11:17]} Qxd4+ {[%clk 0:16:04]} 45. Rxd4 {[%clk 0:11:42]} Kf6
{[%clk 0:16:03]} 46. fxg5+ {[%clk 0:10:40]} hxg5 {[%clk 0:15:19]} 47. Rd5 {[%clk
0:11:06]} Ke6 {[%clk 0:13:50]} 48. Rxg5 {[%clk 0:11:31]} Rxd6 {[%clk 0:13:00]}
49. Rb5 {[%clk 0:11:56]} Kf6 {[%clk 0:08:14]} 50. Ke3 {[%clk 0:11:32]} Kg6 {[%clk
0:05:32]} 51. Ke4 {[%clk 0:11:50]} f6 {[%clk 0:04:48]} 52. Rd5 {[%clk 0:11:48]}
Rc6 {[%clk 0:04:08]} 53. Kf4 {[%clk 0:11:45]} Rc1 {[%clk 0:02:19]} 54. Rb5 {[%clk
0:09:06]} Rf1+ {[%clk 0:01:54]} 55. Ke4 {[%clk 0:09:03]} Re1+ {[%clk 0:00:47]}
56. Kf3 {[%clk 0:04:32]} Rf1+ {[%clk 0:00:44]} 57. Ke2 {[%clk 0:04:31]} Rg1
{[%clk 0:00:41]} 58. Kf2 {[%clk 0:04:54]} Rc1 {[%clk 0:00:57]} 59. Rxb6 {[%clk
0:04:45]} Kg5 {[%clk 0:00:53]} 60. Rb5+ {[%clk 0:04:12]} Kxg4 {[%clk 0:01:18]}
61. Rxa5 {[%clk 0:04:38]} Rc2+ {[%clk 0:01:30]} 62. Ke1 {[%clk 0:04:55]} Kxg3
{[%clk 0:01:17]} 63. Rb5 {[%clk 0:04:23]} Kg4 {[%clk 0:00:35]} 64. a5 {[%clk
0:04:26]} f5 {[%clk 0:00:45]} 65. a6 {[%clk 0:03:01]} f4 {[%clk 0:00:40]} 66. Ra5
{[%clk 0:03:15]} f3 {[%clk 0:00:34]} 67. a7 {[%clk 0:03:16]} Rc1+ {[%clk
0:00:35]} 68. Kf2 {[%clk 0:03:06]} Rc2+ {[%clk 0:01:03]} 69. Ke3 {[%clk 0:03:14]}
f2 {[%clk 0:00:34]} 70. a8Q {[%clk 0:03:17]} f1Q {[%clk 0:00:56]} 71. Qg8+ {[%clk
0:03:26]} Kh4 {[%clk 0:01:19]} 72. Qh7+ {[%clk 0:03:46]} Kg4 {[%clk 0:01:38]} 73.
Qg6+ {[%clk 0:04:09]} 1-0

[Event "Irena Warakomska Memorial 2019"]
[Site "Suwalki"]
[Date "2019.08.12"]
[Round "9"]
[White "Skawinski, Arkadiusz"]
[Black "Szadkowski, Kamil"]
[Result "1/2-1/2"]
[Board "20"]
[WhiteElo "2398"]
[WhiteTitle "FM"]
[WhiteCountry "POL"]
[WhiteFideId "1126415"]
[WhiteEloChange "-4"]
[BlackElo "2245"]
[BlackTitle "FM"]
[BlackCountry "POL"]
[BlackFideId "1123203"]
[BlackEloChange "4"]

1. e4 {[%clk 1:30:58]} e5 {[%clk 1:30:55]} 2. Nf3 {[%clk 1:31:24]} Nc6 {[%clk
1:31:20]} 3. Bb5 {[%clk 1:31:50]} a6 {[%clk 1:31:37]} 4. Ba4 {[%clk 1:32:15]} Nf6
{[%clk 1:32:01]} 5. O-O {[%clk 1:32:41]} b5 {[%clk 1:31:48]} 6. Bb3 {[%clk
1:33:05]} Be7 {[%clk 1:32:14]} 7. d3 {[%clk 1:33:14]} O-O {[%clk 1:32:12]} 8. Nc3
{[%clk 1:33:41]} d6 {[%clk 1:30:42]} 9. a3 {[%clk 1:34:06]} h6 {[%clk 1:25:49]}
10. h3 {[%clk 1:25:35]} Re8 {[%clk 1:25:50]} 11. Bd2 {[%clk 1:17:13]} Bf8 {[%clk
1:18:15]} 12. Re1 {[%clk 1:01:43]} Be6 {[%clk 1:04:48]} 13. Bxe6 {[%clk 1:02:02]}
fxe6 {[%clk 1:04:46]} 14. b4 {[%clk 1:00:21]} Qd7 {[%clk 1:00:13]} 15. Ne2 {[%clk
0:54:54]} Qf7 {[%clk 0:57:24]} 16. Ng3 {[%clk 0:54:33]} g5 {[%clk 0:53:34]} 17.
Nh2 {[%clk 0:52:59]} Bg7 {[%clk 0:51:14]} 18. Ng4 {[%clk 0:51:03]} Nh7 {[%clk
0:51:31]} 19. Nh2 {[%clk 0:50:15]} Nf6 {[%clk 0:47:44]} 20. Ng4 {[%clk 0:37:09]}
Nh7 {[%clk 0:47:53]} 21. Nh2 {[%clk 0:35:04]} 1/2-1/2

[Event "Irena Warakomska Memorial 2019"]
[Site "Suwalki"]
[Date "2019.08.12"]
[Round "9"]
[White "Mulet, Piotr"]
[Black "Molenda, Marcin"]
[Result "0-1"]
[Board "21"]
[WhiteElo "2244"]
[WhiteTitle "FM"]
[WhiteCountry "POL"]
[WhiteFideId "1106244"]
[WhiteEloChange "-6"]
[BlackElo "2387"]
[BlackTitle "FM"]
[BlackCountry "POL"]
[BlackFideId "1173065"]
[BlackEloChange "6"]

1. c4 {[%clk 1:30:58]} g6 {[%clk 1:29:58]} 2. Nc3 {[%clk 1:31:17]} Bg7 {[%clk
1:29:29]} 3. g3 {[%clk 1:31:27]} d6 {[%clk 1:29:42]} 4. Bg2 {[%clk 1:31:41]} e5
{[%clk 1:30:06]} 5. e3 {[%clk 1:30:02]} Nc6 {[%clk 1:24:06]} 6. Nge2 {[%clk
1:30:14]} f5 {[%clk 1:23:00]} 7. d3 {[%clk 1:30:03]} Nf6 {[%clk 1:23:12]} 8. O-O
{[%clk 1:30:17]} O-O {[%clk 1:23:35]} 9. Rb1 {[%clk 1:29:25]} Be6 {[%clk
1:21:01]} 10. Nd5 {[%clk 1:26:06]} Rb8 {[%clk 1:20:53]} 11. Nec3 {[%clk 1:23:39]}
Ne7 {[%clk 1:19:27]} 12. Bd2 {[%clk 1:12:15]} c6 {[%clk 1:18:36]} 13. Nxe7+
{[%clk 1:11:44]} Qxe7 {[%clk 1:19:01]} 14. Qa4 {[%clk 1:10:45]} a6 {[%clk
1:19:15]} 15. Rfc1 {[%clk 1:09:18]} Ng4 {[%clk 1:15:30]} 16. h3 {[%clk 1:08:42]}
Nf6 {[%clk 1:15:55]} 17. b4 {[%clk 1:08:26]} h5 {[%clk 1:15:34]} 18. b5 {[%clk
1:05:17]} axb5 {[%clk 1:15:25]} 19. cxb5 {[%clk 1:05:41]} c5 {[%clk 1:15:54]} 20.
h4 {[%clk 1:03:19]} Ra8 {[%clk 1:15:14]} 21. Qc2 {[%clk 1:02:56]} Qf7 {[%clk
1:10:52]} 22. a4 {[%clk 1:02:44]} d5 {[%clk 1:08:20]} 23. Ne2 {[%clk 1:02:17]}
Rfc8 {[%clk 1:06:26]} 24. a5 {[%clk 1:00:02]} Ne8 {[%clk 1:04:26]} 25. Qa4 {[%clk
0:58:41]} b6 {[%clk 1:02:52]} 26. a6 {[%clk 0:58:47]} Nd6 {[%clk 1:02:09]} 27. f4
{[%clk 0:55:21]} e4 {[%clk 1:01:50]} 28. dxe4 {[%clk 0:52:10]} dxe4 {[%clk
0:59:43]} 29. Bc3 {[%clk 0:50:43]} Bc4 {[%clk 0:59:00]} 30. Bxg7 {[%clk 0:50:57]}
Kxg7 {[%clk 0:59:27]} 31. Nc3 {[%clk 0:39:54]} Bd3 {[%clk 0:59:38]} 32. Rd1
{[%clk 0:40:23]} Ra7 {[%clk 0:57:23]} 33. Bf1 {[%clk 0:37:59]} c4 {[%clk
0:56:00]} 34. Bxd3 {[%clk 0:36:49]} exd3 {[%clk 0:55:44]} 35. Qa1 {[%clk
0:37:11]} Qf6 {[%clk 0:54:27]} 36. Qa3 {[%clk 0:28:13]} Kh7 {[%clk 0:48:58]} 37.
Qb2 {[%clk 0:25:38]} Rc5 {[%clk 0:43:31]} 38. Rdc1 {[%clk 0:26:02]} Qe6 {[%clk
0:42:20]} 39. Re1 {[%clk 0:26:10]} Qe8 {[%clk 0:39:02]} 40. Kh2 {[%clk 0:54:52]}
Qh8 {[%clk 1:07:27]} 41. Qa3 {[%clk 0:54:29]} Qd8 {[%clk 0:59:27]} 42. Red1
{[%clk 0:52:34]} Ne4 {[%clk 0:58:42]} 43. Na4 {[%clk 0:52:54]} Rc8 {[%clk
0:58:44]} 44. Nb2 {[%clk 0:52:06]} Nf2 {[%clk 0:57:46]} 45. Rd2 {[%clk 0:52:20]}
Ng4+ {[%clk 0:57:30]} 46. Kh3 {[%clk 0:52:45]} Qe8 {[%clk 0:57:42]} 47. Re1
{[%clk 0:51:42]} 0-1

[Event "Irena Warakomska Memorial 2019"]
[Site "Suwalki"]
[Date "2019.08.12"]
[Round "9"]
[White "Kaczmarek, Aleksander"]
[Black "Luba, Lukasz"]
[Result "1-0"]
[Board "28"]
[WhiteElo "2389"]
[WhiteTitle "FM"]
[WhiteCountry "POL"]
[WhiteFideId "1178385"]
[WhiteEloChange "4"]
[BlackElo "2130"]
[BlackCountry "POL"]
[BlackFideId "1117289"]
[BlackEloChange "-4"]

1. e4 {[%clk 1:30:30]} e5 {[%clk 1:30:18]} 2. d4 {[%clk 1:30:34]} exd4 {[%clk
1:30:33]} 3. Nf3 {[%clk 1:30:59]} d6 {[%clk 1:30:52]} 4. Nxd4 {[%clk 1:30:47]}
Nf6 {[%clk 1:31:17]} 5. Nc3 {[%clk 1:30:56]} Be7 {[%clk 1:31:42]} 6. h3 {[%clk
1:30:24]} Nc6 {[%clk 1:32:02]} 7. Be3 {[%clk 1:30:29]} a6 {[%clk 1:30:53]} 8.
Nxc6 {[%clk 1:20:25]} bxc6 {[%clk 1:30:53]} 9. f4 {[%clk 1:20:25]} Be6 {[%clk
1:28:27]} 10. Qf3 Qb8 {[%clk 1:28:27]} 11. O-O-O Qb7 {[%clk 1:28:27]} 12. f5 Bc8
{[%clk 1:28:27]} 13. Bc4 Nd7 {[%clk 1:28:27]} 14. Bd4 Bf6 {[%clk 1:28:27]} 15. e5
Nxe5 {[%clk 1:28:27]} 16. Rhe1 Bd7 {[%clk 1:28:27]} 17. Bxe5 Bxe5 {[%clk
1:28:27]} 18. Rxe5+ dxe5 {[%clk 1:28:27]} 19. Bxf7+ Kxf7 {[%clk 1:28:27]} 20.
Rxd7+ Ke8 {[%clk 1:28:27]} 21. Rxg7 Qb6 {[%clk 1:28:27]} 22. f6 Kd8 {[%clk
1:28:27]} 23. Qg4 Qe3+ {[%clk 1:28:27]} 24. Kd1 Qg1+ {[%clk 1:28:27]} 25. Kd2
Qd4+ {[%clk 1:28:27]} 26. Qxd4+ exd4 {[%clk 1:28:27]} 27. Ne4 Rb8 {[%clk
1:28:27]} 28. Nc5 Rb5 {[%clk 1:28:27]} 29. Ne6+ Kc8 {[%clk 1:28:27]} 30. f7 Rf5
{[%clk 1:28:27]} 31. Rg8+ 1-0

[Event "Irena Warakomska Memorial 2019"]
[Site "Suwalki"]
[Date "2019.08.12"]
[Round "9"]
[White "Lis, Mateusz"]
[Black "Antolak, Julia"]
[Result "0-1"]
[Board "31"]
[WhiteElo "2079"]
[WhiteCountry "POL"]
[WhiteFideId "1184733"]
[WhiteEloChange "-6"]
[BlackElo "2240"]
[BlackTitle "WIM"]
[BlackCountry "POL"]
[BlackFideId "1159569"]
[BlackEloChange "6"]

1. e4 {[%clk 1:30:59]} c5 {[%clk 1:30:47]} 2. Nf3 {[%clk 1:31:11]} e6 {[%clk
1:31:14]} 3. d4 {[%clk 1:31:36]} cxd4 {[%clk 1:31:39]} 4. Nxd4 {[%clk 1:32:03]}
Nf6 {[%clk 1:32:01]} 5. Nc3 {[%clk 1:32:22]} d6 {[%clk 1:32:26]} 6. Qf3 {[%clk
1:32:20]} Nc6 {[%clk 1:31:10]} 7. Nxc6 {[%clk 1:32:44]} bxc6 {[%clk 1:31:35]} 8.
Be2 {[%clk 1:32:38]} Be7 {[%clk 1:26:39]} 9. Qg3 {[%clk 1:31:06]} O-O {[%clk
1:13:28]} 10. O-O {[%clk 1:24:46]} Kh8 {[%clk 1:06:05]} 11. Rd1 {[%clk 1:23:05]}
Qb6 {[%clk 1:02:39]} 12. b3 {[%clk 1:22:22]} e5 {[%clk 0:59:00]} 13. a4 {[%clk
1:21:07]} a5 {[%clk 0:52:35]} 14. Ba3 {[%clk 1:20:58]} Rd8 {[%clk 0:49:33]} 15.
Rd2 {[%clk 1:19:16]} Be6 {[%clk 0:37:35]} 16. Rad1 {[%clk 1:17:50]} Ne8 {[%clk
0:36:30]} 17. Bg4 {[%clk 1:17:23]} Bxg4 {[%clk 0:36:25]} 18. Qxg4 {[%clk
1:17:52]} Ra7 {[%clk 0:32:11]} 19. Rd3 {[%clk 1:16:23]} Kg8 {[%clk 0:26:06]} 20.
Ne2 {[%clk 1:09:49]} Nf6 {[%clk 0:23:21]} 21. Qf5 {[%clk 1:08:08]} d5 {[%clk
0:21:59]} 22. Bxe7 {[%clk 1:06:36]} Rxe7 {[%clk 0:20:53]} 23. c4 {[%clk 1:06:18]}
d4 {[%clk 0:20:08]} 24. Rg3 {[%clk 1:06:12]} c5 {[%clk 0:15:35]} 25. Nc1 {[%clk
1:04:18]} Re6 {[%clk 0:13:21]} 26. Re1 {[%clk 0:59:18]} d3 {[%clk 0:11:07]} 27.
Nxd3 {[%clk 0:55:23]} Qxb3 {[%clk 0:10:16]} 28. Qg5 {[%clk 0:53:22]} g6 {[%clk
0:10:12]} 29. Nxe5 {[%clk 0:51:59]} Rd1 {[%clk 0:07:38]} 30. Re3 {[%clk 0:51:55]}
Qxa4 {[%clk 0:06:52]} 31. f4 {[%clk 0:49:26]} Qa1 {[%clk 0:05:33]} 32. Qg3 {[%clk
0:46:17]} Red6 {[%clk 0:03:39]} 33. Nf3 {[%clk 0:46:04]} Rxe1+ {[%clk 0:03:36]}
34. Rxe1 {[%clk 0:46:33]} Rd1 {[%clk 0:03:54]} 35. e5 {[%clk 0:40:03]} Ne4 {[%clk
0:03:42]} 36. Rxd1 {[%clk 0:39:58]} Qxd1+ {[%clk 0:04:04]} 37. Qe1 {[%clk
0:40:26]} Qxe1+ {[%clk 0:03:02]} 38. Nxe1 {[%clk 0:40:54]} Nd2 {[%clk 0:03:24]}
39. Nd3 {[%clk 0:41:21]} a4 {[%clk 0:02:58]} 40. Kf2 {[%clk 1:11:34]} Nb3 {[%clk
0:30:35]} 41. Ne1 {[%clk 0:58:14]} a3 {[%clk 0:30:58]} 42. Nc2 {[%clk 0:58:39]}
a2 {[%clk 0:31:23]} 0-1